|
|
|
|
| LEADER |
00000nam a2200000 a 4500 |
| 001 |
vtls001352924 |
| 003 |
SK-MaSNL |
| 005 |
20260301070412.0 |
| 008 |
240509s1998 xo ap r yy slo |
| 015 |
|
|
|a SNBA1999/04-01207
|
| 020 |
|
|
|a 8070993812
|
| 035 |
|
|
|a SNK000306317
|
| 035 |
|
|
|a urn:nbn:sk:snk-amtjy2
|
| 035 |
|
|
|a urn:nbn:sk:snk-am00c70r
|
| 035 |
|
|
|a 37E0534D-3249-4C1F-BA07-6971991ED9CB
|
| 040 |
|
|
|a SNK
|b slo
|c SNK
|e AACR2
|
| 041 |
0 |
|
|a slo
|
| 044 |
|
|
|a xo
|c SK
|
| 080 |
|
|
|a 519.22:681.3.01(075.8)
|2 1981
|
| 080 |
|
|
|a 681.3.01(075.8)
|2 1981
|
| 100 |
1 |
|
|a Floreková, Ľubica
|4 aut
|9 292156
|
| 245 |
1 |
|
|a Základy štatistického spracovania dát
|c Ľubica Floreková, Marta Benková
|
| 260 |
|
|
|a [Košice
|b Technická univerzita]
|c 1998
|
| 300 |
|
|
|a 80 s.
|b sch., tab.
|c 30 cm
|
| 500 |
|
|
|a 30 výt.
|
| 504 |
|
|
|a Bibliogr. s. 80
|
| 650 |
0 |
7 |
|a dáta
|x spracovanie štatistické
|2 SNK
|9 386552
|
| 655 |
|
7 |
|a Textbooks (higher)
|2 SNKPHeng
|9 276436
|
| 655 |
|
7 |
|a učebnice vysokých škôl
|2 SNKPH
|9 70191
|
| 700 |
1 |
|
|a Benková, Marta,
|d 1961-
|4 aut
|9 201560
|
| 919 |
|
|
|a 80-7099-381-2
|
| 958 |
|
|
|a TL
|
| 958 |
|
|
|a NB
|
| 958 |
|
|
|a UV
|
| 999 |
|
|
|c 634225
|d 636155
|
| 952 |
|
|
|t P60, <04>, [BOOK], {604}
|a SNK
|b SNK
|y VYP
|7 0
|p 17A0177386
|o snkSB 59735 D1
|i snkKSP 520/99
|0 0
|1 0
|4 0
|d 1999-01-20
|l 0
|r 2005-01-02 00:00:00
|w 2026-02-23
|
| 952 |
|
|
|t P60, <03>, [BOOK], {603}
|a SNK
|b SNK
|y PREZ
|7 0
|p 17A0177385
|o snkSB 59735
|i snkKSP 519/99
|0 0
|1 0
|4 0
|d 1999-01-20
|f 1
|l 0
|r 2025-04-09 00:00:00
|w 2026-02-23
|